Introduction to PSpice. Supplement to Electric circuits (Record no. 31499)

MARC details
000 -LEADER
fixed length control field 00516nam a2200181Ia 4500
020 ## - INTERNATIONAL STANDARD BOOK NUMBER
ISBN 0201513188
050 ## - CALL MARK
Classification number TK 454 .N54/
100 ## - STATEMENT OF RESPONSIBILITY--MAIN AUTHOR NAME
Personal name Nilsson, James W.
245 #0 - TITLE STATEMENT
Title Introduction to PSpice. Supplement to Electric circuits
250 ## - EDITION / VOLUME STATEMENT
Edition / Volume statement 4th ed.
260 ## - PUBLICATION, DISTRIBUTION, ETC. (IMPRINT)
Name of publisher Addison-Wesley Pub. Co
260 ## - PUBLICATION, DISTRIBUTION, ETC. (IMPRINT)
Year of publication 1993
300 ## - PHYSICAL DESCRIPTION
Number of Pages 154 p
650 ## - SUBJECT ADDED ENTRY--TOPICAL TERM
Topical Term PSpice. Electric circuits. Electric circuit analysis --Data processing
942 ## - ADDED ENTRY ELEMENTS (KOHA)
Koha item type Books
Holdings
Withdrawn status Lost status Source of classification or shelving scheme Damaged status Not for loan Permanent Location Current Location Date acquired Accession Number Price effective from Koha item type
    Library of Congress Classification     NILE UNIVERSITY OF NIGERIA - MAIN LIBRARY NILE UNIVERSITY OF NIGERIA - MAIN LIBRARY 04/23/2025 0009629 04/23/2025 Books